| 000 | 00955caa a22002417a 4500 | ||
|---|---|---|---|
| 999 |
_c410761 _d410761 |
||
| 001 | 123613 | ||
| 003 | UA-OsUOA | ||
| 005 | 20200112004045.0 | ||
| 007 | ta | ||
| 008 | 20170627b un ||||| |||| 00| 0 ukr d | ||
| 040 |
_aUA-OsUOA _bukr _cUA-OsUOA _dUA-OsUOA |
||
| 041 | _aukr | ||
| 080 | _a908 | ||
| 090 |
_a908 _bБон |
||
| 100 | _aБондарчук Я. | ||
| 245 |
_aХудожні особливості Острозьної іконописної школи на прикладі аналою з житієм св. Миколая др. пол. ХVІІ – поч. ХVІІІ ст. _cЯ. Бондарчук |
||
| 300 | _aС. 325–344 | ||
| 650 | 7 |
_a908 Краєзнавство _2UDC |
|
| 773 | 0 |
_0384074 _9408052 _dОстрог НаУОА 2012 _o142053 _tОстрозький краєзнавчий збірник _w(UA-OsUOA) 97837 |
|
| 942 |
_cBKA _2udc |
||
| 955 | _a1 | ||